Chapman Library

The practice of nursing research : (Record no. 632)

000 -LEADER
fixed length control field 00510cam a22001934a 4500
020 ## - INTERNATIONAL STANDARD BOOK NUMBER
ISBN 0721606261 (hbk.)
ISBN 9780721606262 (hbk.)
050 00 - LIBRARY OF CONGRESS CALL NUMBER
Classification number RT81.5
100 1# - MAIN ENTRY--AUTHOR NAME
Personal name Burns, Nancy
245 14 - TITLE STATEMENT
Title The practice of nursing research :
250 ## - EDITION STATEMENT
Edition statement 5th ed.
260 ## - PUBLICATION, DISTRIBUTION, ETC. (IMPRINT)
Place of publication St. Louis, Mo. :
Name of publisher Elsevier/Saunders,
Year of publication c2005.
300 ## - PHYSICAL DESCRIPTION
Number of Pages xix, 780 p. :
Other physical details ill. (some col.) ;
650 #0 - SUBJECT ADDED ENTRY--TOPICAL TERM
Topical Term Nursing
Topical Term Nursing Research.
Topical Term Evidence-Based Medicine.
700 1# - ADDED ENTRY--PERSONAL NAME
Personal name Grove, Susan K.
942 ## - ADDED ENTRY ELEMENTS (KOHA)
Koha item type Books
Holdings
Koha item type Collection code Shelving location Accession Number Permanent Location Current Location Date acquired Full call number
BooksLendingLending1230Chapman LibraryChapman Library2016-04-22RT85.5.A25bur
BooksLendingReference1231Chapman LibraryChapman Library2016-04-22RT85.5.A25bur


CSUC Chapman Library is a Koha Automated Library.


Contact us: library@csuc.edu.gh.